00458nam a2200157Ia 4500008004100000020001400041040001300055050001500068100001600083245007000099260004400169300002000213504003300233650001900266999001500285 1972xxka ef | | ||engdd a702004170 aNG-ZaABU aSF 99.2B57 aHall, D. E. 0aBlood Coagulation and Its Disorders in the Dog: /cby D. E. Hall aLondon :bBailliere Tinda London.c1972 axii, 188p.: ill aIncludes reference and Index aAnimal Culture c2699d2699